[Event "TCh-CHN 2012"]
[Site "Hangzhou CHN"]
[Date "2012.09.23"]
[Round "12"]
[White "Li Shilong"]
[Black "Ni Hua"]
[Result "1-0"]
[WhiteElo "2549"]
[BlackElo "2637"]

1.d4 Nf6 2.c4 g6 3.Nc3 d5 4.cxd5 Nxd5 5.e4 Nxc3 6.bxc3 Bg7 7.Nf3 c5 8.Rb1 O-O
9.Be2 b6 10.O-O Bb7 11.d5 Bxc3 12.Bc4 Bg7 13.Qe2 Qc8 14.Bb2 Ba6 15.Bxg7 Kxg7
16.Rfc1 Rd8 17.Bxa6 Qxa6 18.Qb2+ Kg8 19.Qe5 Qb7 20.Qf4 Nd7 21.Ng5 Rf8 22.Rb3 Qb8
23.Qh4 h5 24.f4 Nf6 25.Rg3 c4 26.Rf1 Qc7 27.e5 Nxd5 28.Ne6 Qc6 29.f5 Nc7
30.Qxh5 Nxe6 31.fxg6  1-0

[Event "FIDE WGP Ankara 2012"]
[Site "Ankara TUR"]
[Date "2012.09.24"]
[Round "8"]
[White "Ju Wenjun"]
[Black "Cmilyte,V"]
[Result "1/2-1/2"]
[WhiteElo "2528"]
[BlackElo "2520"]

1.d4 Nf6 2.c4 g6 3.Nc3 d5 4.cxd5 Nxd5 5.e4 Nxc3 6.bxc3 Bg7 7.Be3 c5 8.Qd2 Qa5
9.Rc1 O-O 10.Nf3 Nd7 11.d5 e6 12.c4 Qxd2+ 13.Nxd2 b6 14.Be2 Bb7 15.O-O Rae8
16.Rfe1 f5 17.dxe6 Rxe6 18.exf5 gxf5 19.Bf3 Bxf3 20.Nxf3 Ne5 21.Nxe5 Rxe5
22.g3 Rd8 23.Red1 Ree8 24.Kg2 Kf7 25.Kf3 Bf6 26.h3 h5 27.Rxd8 Rxd8 28.g4 hxg4+
29.hxg4 fxg4+ 30.Kxg4 Bd4 31.Bg5 Bf6 32.Rh1 Rd4+ 33.f4 Bg7 34.Re1 Bf8 35.Kf5 Rxc4
36.Rd1 Rd4 37.Rxd4 cxd4 38.Ke4 Bc5 39.Bh4 Ke6 40.Bf2 Kf6 41.Bh4+ Ke6 42.Bf2 Kf6
43.Bh4+ Ke6 44.Bf2  1/2-1/2

[Event "Vladivostok Russian Cup 2012"]
[Site "Vladivostok RUS"]
[Date "2012.09.24"]
[Round "8.23"]
[White "Vilchenko,M"]
[Black "Mikhailova,L"]
[Result "1-0"]
[WhiteElo "2248"]
[BlackElo "2006"]

1.d4 Nf6 2.c4 g6 3.Nc3 d5 4.cxd5 Nxd5 5.e4 Nxc3 6.bxc3 Bg7 7.Be3 c5 8.Qd2 O-O
9.Nf3 Qa5 10.h3 Nc6 11.Rc1 Rd8 12.d5 e6 13.c4 Nb4 14.Be2 b6 15.Bg5 f6 16.Bf4 e5
17.Be3 Qxa2 18.O-O a5 19.Qd1 Bd7 20.Ra1 Qc2 21.Qe1 Qxe4 22.Nd2 Qh4 23.Nf3 Qe4
24.Nd2 Qc2 25.Rc1 Qa4 26.Ra1 Qc2 27.Rc1 Qb2 28.Rb1 Qc3 29.Rb3 Qc2 30.Bd1 Qa2
31.Ne4 Ba4 32.Nc3 Bxb3 33.Nxa2 Bxa2 34.Be2 Bf8 35.Qc3 a4 36.Ra1 b5 37.cxb5 Nxd5
38.Bc4 Kh8 39.Qc1 Bb3 40.Bxb3 axb3 41.Rb1 Nxe3 42.fxe3 Rd3 43.Qf1 Rad8 44.Qxf6+ Bg7
45.Qe6 Rxe3 46.b6 c4 47.Qxc4 e4 48.Qc7 Re8 49.b7 Be5 50.Qxe5+  1-0

[Event "30th Balaton Open"]
[Site "Heviz HUN"]
[Date "2012.09.25"]
[Round "3.10"]
[White "Koczka,Z"]
[Black "Weinwurm,W"]
[Result "1-0"]
[WhiteElo "2254"]
[BlackElo "2131"]

1.d4 Nf6 2.c4 g6 3.Nc3 d5 4.cxd5 Nxd5 5.e4 Nxc3 6.bxc3 Bg7 7.Bc4 c5 8.Ne2 O-O
9.O-O Nc6 10.Be3 Qc7 11.Qc1 Bd7 12.Rd1 cxd4 13.cxd4 Rac8 14.Rb1 Na5 15.Bd3 Qxc1
16.Rdxc1 Rxc1+ 17.Rxc1 Rc8 18.Rxc8+ Bxc8 19.Nf4 Nc6 20.d5 Nd4 21.Ne2 Nxe2+
22.Bxe2 a6 23.f4 b5 24.Bc5 Kf8 25.e5 g5 26.g3 gxf4 27.gxf4 Bh6 28.Be3 b4
29.Kf2 Ke8 30.Kg3 a5 31.Bc4 f6 32.e6 f5 33.Bb6  1-0

[Event "21st TCh-CRO 1a 2012"]
[Site "Sibenik CRO"]
[Date "2012.09.25"]
[Round "3.42"]
[White "Sokolov,Ivan"]
[Black "Hracek,Z"]
[Result "1/2-1/2"]
[WhiteElo "2699"]
[BlackElo "2619"]

1.d4 Nf6 2.c4 g6 3.Nc3 d5 4.cxd5 Nxd5 5.e4 Nxc3 6.bxc3 Bg7 7.Be3 c5 8.Qd2 cxd4
9.cxd4 Nc6 10.Rd1 Qa5 11.Qxa5 Nxa5 12.Nf3 O-O 13.Be2 Bd7 14.Bd2 b6 15.Ba6 Bc8
16.Bb5 Bb7 17.d5 Rac8 18.O-O a6 19.Be2 Nc4 20.Bg5 Rfe8 21.Nd4 Nb2 22.Rd2 Nc4
23.Rdd1 Nb2 24.Rd2  1/2-1/2

[Event "Tatry Open 2012"]
[Site "Tatranske Zruby SVK"]
[Date "2012.09.25"]
[Round "4.58"]
[White "Tyda,K"]
[Black "Burianek,P"]
[Result "1/2-1/2"]
[WhiteElo "2001"]
[BlackElo "1902"]

1.d4 Nf6 2.c4 g6 3.Nc3 d5 4.cxd5 Nxd5 5.e4 Nxc3 6.bxc3 Bg7 7.Nf3 c5 8.Be2 Nc6
9.Be3 O-O 10.O-O Qa5 11.Qb3 Rd8 12.Rfd1 cxd4 13.cxd4 Qb4 14.Qc2 Qa5 15.Rab1 e6
16.Rb5 Qa3 17.d5 exd5 18.Bc5 Qc3 19.Qxc3 Bxc3 20.exd5 Ne5 21.Be7 Re8 22.d6 Nc6
23.Rc5 Bb4 24.Rc4 Bxd6 25.Bxd6 Rxe2 26.a4 Be6 27.Rcc1 Ra2 28.Rb1 Rxa4 29.Rxb7 Re8
30.h3 h6 31.Rc7 Rc8 32.Rb7 Re8 33.Bc5 Rc4 34.Bxa7  1/2-1/2

[Event "TCh-VIE 2012"]
[Site "Ho Chi Minh City VIE"]
[Date "2012.09.26"]
[Round "9.1"]
[White "Dao Thien Hai"]
[Black "Nguyen Van Hai"]
[Result "1-0"]
[WhiteElo "2526"]
[BlackElo "2314"]

1.d4 Nf6 2.c4 g6 3.Nc3 d5 4.cxd5 Nxd5 5.e4 Nxc3 6.bxc3 Bg7 7.Ba3 O-O 8.Bc4 Nd7
9.Ne2 c5 10.O-O cxd4 11.cxd4 Nb6 12.Bb3 Bd7 13.Rc1 Bb5 14.Re1 Qd7 15.e5 Rfc8
16.e6 fxe6 17.Nf4 Bc4 18.Nxe6 Bf6 19.Nc5 Qd5 20.Rxc4 Nxc4 21.Qf3 Qxf3 22.Bxc4+ Kh8
23.gxf3 Bxd4 24.Re4 e5 25.Rxd4 exd4 26.Bb2 h6 27.Bxd4+ Kh7 28.Bd5 Rd8 29.Bxb7 Rxd4
30.Bxa8 Rd2 31.a4 Rc2 32.Nb3 Rc3 33.Bd5 Rd3 34.Bc4 Rxf3 35.Kg2 Rc3 36.Na5 Kg7
37.Bb5 Ra3 38.Nc4 Ra2 39.a5 Kf6 40.a6 Ke6 41.Ne3 Ra5 42.Bf1 h5 43.Kf3 g5
44.h3 Ra3 45.Ke4 Ra5 46.Bc4+ Kd6 47.Nf5+ Kc5 48.Bd3 Ra2 49.Ke3 Ra4 50.Ng3 Kd5
51.Ne4  1-0

[Event "TCh-FIN SM 2012-13"]
[Site "Helsinki FIN"]
[Date "2012.09.29"]
[Round "1.1"]
[White "Kanep,M"]
[Black "Nyback,T"]
[Result "1/2-1/2"]
[WhiteElo "2503"]
[BlackElo "2618"]

1.d4 Nf6 2.c4 g6 3.Nc3 d5 4.cxd5 Nxd5 5.e4 Nxc3 6.bxc3 Bg7 7.Bc4 c5 8.Ne2 O-O
9.O-O Nc6 10.Be3 Bg4 11.f3 Bd7 12.Rb1 Qc7 13.Qd2 Rad8 14.Rfc1 Bc8 15.Bf4 e5
16.Bg5 Rd6 17.Bd5 b6 18.dxc5 bxc5 19.Be3 Nd8 20.c4 Ne6 21.Nc3 a6 22.Qb2 Nf4
23.Rd1 Be6 24.g3 Nxd5 25.Nxd5 Bxd5 26.Rxd5 Rxd5 27.cxd5 Qa5 28.Qd2 Qa4 29.Bxc5 Rc8
30.Rc1 Bf8 31.Ba3 Rxc1+ 32.Bxc1 Bb4 33.Qe2 Bc5+ 34.Be3 Bxe3+ 35.Qxe3 Qxa2
36.Qb6 Kg7 37.d6 Qd2 38.Qc7 Qd1+  1/2-1/2

[Event "Oslo GM Open 2012"]
[Site "Oslo NOR"]
[Date "2012.09.30"]
[Round "9.14"]
[White "Mihajlov,Sebastian"]
[Black "Schut,L"]
[Result "1/2-1/2"]
[WhiteElo "2043"]
[BlackElo "2267"]

1.d4 Nf6 2.c4 g6 3.Nc3 d5 4.cxd5 Nxd5 5.e4 Nxc3 6.bxc3 Bg7 7.Bc4 c5 8.Ne2 O-O
9.O-O Nc6 10.Be3 Qc7 11.Rc1 Rd8 12.Bf4 Be5 13.Bg3 Bxg3 14.hxg3 e6 15.Qd2 b6
16.Rfd1 Bb7 17.Qe3 Rac8 18.g4 Qe7 19.f3 Na5 20.Bd3 cxd4 21.cxd4 Rxc1 22.Rxc1 Rc8
23.Rxc8+ Bxc8 24.Qc1 Bb7 25.Qc3 Qd6 26.Kf2 Nc6 27.a3 f6 28.Bc4 Kf7 29.Qe3 Kg7
30.g5 fxg5 31.Qxg5 e5 32.Bd5 h6 33.Qg3 Kf6  1/2-1/2

[Event "TCh-Belgrade Premier 2012"]
[Site "Belgrade SRB"]
[Date "2012.10.01"]
[Round "1.1"]
[White "Rodic,Dr"]
[Black "Maric,Dr"]
[Result "1/2-1/2"]
[WhiteElo "2071"]
[BlackElo "2218"]

1.d4 Nf6 2.c4 g6 3.Nc3 d5 4.cxd5 Nxd5 5.e4 Nxc3 6.bxc3 Bg7 7.Bc4 O-O 8.h3 b6
9.Ne2 Ba6 10.Bxa6 Nxa6 11.Qa4 Qc8 12.Be3 c6 13.O-O Re8 14.f4 Nb8 15.Ng3 Qa6
16.Qb3 Nd7 17.f5 Nf6 18.Bg5 Qb5 19.fxg6 Qxb3 20.axb3 hxg6 21.Ra6 c5 22.Bxf6 Bxf6
23.e5 Bg5 24.Rf3 cxd4 25.cxd4 Red8 26.Ne2 e6 27.g3 Rdc8 28.Kf2 Rc2 29.Rc3 Rb2
30.Rc7 Rxb3 31.Raxa7 Rxa7 32.Rxa7 Be3+ 33.Kg2 g5 34.Rd7 b5 35.g4 Rb2 36.Rd8+ Kg7
37.Kf3 Rb3 38.Kg2 Rb2 39.Kf3 Rb3 40.Kg2  1/2-1/2

[Event "TCh-Belgrade Premier 2012"]
[Site "Belgrade SRB"]
[Date "2012.10.03"]
[Round "3.2"]
[White "Rodic,Dr"]
[Black "Sarenac,I"]
[Result "0-1"]
[WhiteElo "2071"]
[BlackElo "2377"]

1.d4 Nf6 2.c4 g6 3.Nc3 d5 4.cxd5 Nxd5 5.e4 Nxc3 6.bxc3 Bg7 7.Bc4 c5 8.Ne2 O-O
9.h4 Nc6 10.e5 cxd4 11.cxd4 b5 12.Bb3 Na5 13.h5 Nxb3 14.Qxb3 Be6 15.Qe3 Rc8
16.h6 Bh8 17.O-O Rc2 18.Rd1 Rxa2 19.Rxa2 Bxa2 20.Nf4 Bd5 21.Ba3 Re8 22.Qc3 e6
23.Bd6 Bc4 24.Qg3 a5 25.Rc1 Qa8 26.f3 a4 27.Ra1 Qa5 28.Nh5 Qd2 29.f4 Qxd4+
30.Kh2 Be2 31.Ng7 Bxg7  0-1

[Event "TCh-Belgrade Premier 2012"]
[Site "Belgrade SRB"]
[Date "2012.10.04"]
[Round "4.4"]
[White "Stamenkovic,A"]
[Black "Sarenac,D"]
[Result "1/2-1/2"]
[WhiteElo "2298"]
[BlackElo "2311"]

1.d4 Nf6 2.c4 g6 3.Nc3 d5 4.cxd5 Nxd5 5.e4 Nxc3 6.bxc3 Bg7 7.Nf3 c5 8.Be3 Qa5
9.Qd2 Nc6 10.Rb1 a6 11.Rc1 f5 12.Bd3 cxd4 13.cxd4 Qxd2+ 14.Kxd2 f4 15.Bxf4 Nxd4
16.Nxd4 Bxd4 17.Be3 Bxe3+ 18.Kxe3 Bd7 19.h4 Kf7 20.Rc5 Rhc8 21.Rhc1 Rxc5
22.Rxc5 Bc6 23.g4 Ke6 24.h5 Be8 25.hxg6 hxg6 26.f4 Kf6 27.g5+ Kf7 28.Bc4+ Kf8
29.Be6 Rd8 30.Rc8 Rxc8 31.Bxc8 Bc6 32.Kd4 a5 33.Be6 b6 34.Bd5 Bd7 35.Ke5 Kg7
36.f5 gxf5 37.exf5 b5 38.Be6 Bc6 39.a3 b4 40.axb4 axb4 41.Kd4 Ba4 42.Kc4 b3
43.Kc3 Kf8 44.Bxb3 Bd7 45.Bc2 Bc6 46.Kd4 Kg7 47.Bb3 Bd7 48.Ke5 Bb5 49.Be6 Ba6
50.Kd5 Bb5 51.Kc5 Ba4 52.Kb6 Bc2 53.Kc7 Bd3 54.Kd7 Kf8 55.Kc6 Kg7 56.Kd5 Be2
57.Bd7 Kf7 58.Ke5 Ba6 59.Bc6 Bc8 60.Bd5+ Kg7 61.Bf3 Kf7 62.Bd5+ Kg7 63.Bc6 Kf7
64.Bb5 Kg7 65.Bc4 Bd7 66.Ba6 Kf7 67.Be2 Bc8 68.Bh5+ Kg7 69.Be8 Kf8 70.Bh5 Kg7
71.Bg4 Kf7 72.Bf3 Bd7 73.Be4 Bc8 74.Kd4 Bd7 75.Kc5 Ba4 76.Kb6 Bb3 77.Kc6 Ba4+
78.Kc7 Bb3 79.Kd7 Ba4+ 80.Kd8 Bb3 81.Bd3 Bd5 82.Kd7 Bb3 83.Be2 Ba4+ 84.Kd8 Bc2
85.Bh5+ Kf8 86.Bg4 Kf7 87.Kd7 Ba4+ 88.Kc7 Bc2 89.Kc6 Ba4+ 90.Kd5 Bb3+ 91.Ke5 Bc4
92.Bf3 Ba6 93.Bh5+ Kg7 94.Be8 Bc4 95.Bc6  1/2-1/2

[Event "Florence Move 2012"]
[Site "Florence ITA"]
[Date "2012.10.05"]
[Round "1.4"]
[White "Naumkin,I"]
[Black "Ravagnani,T"]
[Result "1-0"]
[WhiteElo "2480"]
[BlackElo "1994"]

1.d4 Nf6 2.c4 g6 3.Nc3 d5 4.cxd5 Nxd5 5.e4 Nxc3 6.bxc3 Bg7 7.Bc4 c5 8.Ne2 O-O
9.O-O Nc6 10.Be3 Qa5 11.h3 Rd8 12.Qb3 cxd4 13.Bxf7+ Kh8 14.cxd4 Nxd4 15.Nxd4 Bxd4
16.Rad1 e5 17.Bg5 Rd6 18.Be7 Rc6 19.Bd5 Qb6 20.Qf3 Be6 21.Rb1 Qa6 22.Bxc6 Qxc6
23.Rfc1 Bc4 24.Qf6+  1-0

[Event "Frau Bundesliga Div1 2012-13"]
[Site "Germany GER"]
[Date "2012.10.06"]
[Round "1.6"]
[White "Bluebaum,B"]
[Black "Sokalska,V"]
[Result "1/2-1/2"]
[WhiteElo "1984"]
[BlackElo "2022"]

1.d4 Nf6 2.c4 g6 3.Nc3 d5 4.cxd5 Nxd5 5.e4 Nxc3 6.bxc3 Bg7 7.Nf3 O-O 8.h3 c5
9.Be2 Nc6 10.Be3 Qa5 11.Bd2 Qa3 12.d5 Ne5 13.Nxe5 Bxe5 14.Qc2 Bd7 15.O-O Rac8
16.Rab1 b6 17.f4 Bg7 18.Rf3 c4 19.Rb4 b5 20.g4 Qa5  1/2-1/2

[Event "St Petersburg Rapid Cup 2012"]
[Site "St Petersburg RUS"]
[Date "2012.10.06"]
[Round "8.5"]
[White "Khairullin,I"]
[Black "Dominguez Perez,L"]
[Result "0-1"]
[WhiteElo "2639"]
[BlackElo "2734"]

1.d4 Nf6 2.c4 g6 3.Nc3 d5 4.cxd5 Nxd5 5.e4 Nxc3 6.bxc3 Bg7 7.Be3 c5 8.Qd2 Qa5
9.Rc1 O-O 10.Nf3 Rd8 11.d5 e6 12.Bg5 f6 13.Be3 Nc6 14.Be2 exd5 15.exd5 Ne7
16.c4 Qxd2+ 17.Nxd2 b6 18.g4 Bd7 19.h4 Re8 20.Kf1 Nc8 21.Bf4 Bf8 22.g5 Bd6
23.Be3 f5 24.Nf3 f4 25.Bd2 Ne7 26.Nh2 Bh3+ 27.Kg1 Nf5 28.Bg4 Bxg4 29.Nxg4 Re2
30.Bc3 Kf7 31.h5 gxh5 32.Rxh5 Kg6 33.Rh3 Kxg5 34.Nf6 Nd4 35.Nxh7+ Kg4 36.Rh6 Be5
37.Kf1 f3 38.Re1 Kf5 39.Rh5+ Ke4 40.Ng5+ Kd3 41.Nxf3 Rxe1+ 42.Nxe1+ Kxc3
43.Rxe5 Kxc4 44.Ng2 Rd8 45.Ne3+ Kd3 46.Re7 c4 47.Rxa7 c3 48.a4 Rg8 49.Rf7 Ne2
50.Ng2 c2 51.Ne1+ Kd2 52.Nf3+ Kd1  0-1

[Event "TCh-HUN 2012-13"]
[Site "Budapest HUN"]
[Date "2012.10.07"]
[Round "2"]
[White "Bakos,B"]
[Black "Gara,T"]
[Result "1/2-1/2"]
[WhiteElo "2376"]
[BlackElo "2385"]

1.d4 Nf6 2.c4 g6 3.Nc3 d5 4.cxd5 Nxd5 5.e4 Nxc3 6.bxc3 Bg7 7.Nf3 c5 8.Rb1 O-O
9.Be2 b6 10.O-O Bb7 11.Qd3 Qc7 12.Bg5 e6 13.Qe3 Nd7 14.Nd2 Rac8 15.e5 cxd4
16.cxd4 Qc3 17.Bb5 Qxe3 18.Bxe3 Nb8 19.Rfc1 Rxc1+ 20.Rxc1 Rc8 21.Rxc8+ Bxc8
22.Ne4 Ba6 23.a4 Bxb5 24.axb5 a6 25.Nc3 Kf8 26.f4 axb5 27.Nxb5 Nc6 28.d5 exd5
29.Bxb6 g5 30.Bc5+ Kg8 31.fxg5 Bxe5 32.Kf2 Kg7 33.h4 f6 34.gxf6+ Kxf6 35.Kf3 h5
36.g4 hxg4+ 37.Kxg4 d4 38.Nxd4  1/2-1/2

[Event "4th Grand Prix FFE 2012"]
[Site "Villandry FRA"]
[Date "2012.10.07"]
[Round "1.1"]
[White "Fier,A"]
[Black "Vachier Lagrave,M"]
[Result "0-1"]
[WhiteElo "2563"]
[BlackElo "2705"]

1.d4 Nf6 2.c4 g6 3.Nc3 d5 4.cxd5 Nxd5 5.e4 Nxc3 6.bxc3 Bg7 7.Nf3 c5 8.Rb1 O-O
9.Be2 b6 10.O-O Bb7 11.Qd3 e6 12.Bg5 Qd7 13.Qe3 cxd4 14.cxd4 Nc6 15.Rfd1 Rfe8
16.Bb5 f6 17.Bh6 Bxh6 18.Qxh6 a6 19.Bd3 b5 20.a4 bxa4 21.d5 exd5 22.exd5 Ne5
23.Nxe5 Rxe5 24.Bxg6 Bxd5 25.f4 Re7 26.Bh5 Qf5 27.Rb2 Bb3 28.Rf1 Rd8 29.h3 Bc4
30.Rf3 Kh8 31.Rg3 Rg8 32.Bg4 Qg6 33.Qxg6 hxg6 34.Rc3 Bb5 35.Bf3 Rd8 36.Kf2 Kg7
37.Rbc2 Rd4 38.Kg3 Rd3 39.Rxd3 Bxd3 40.Rc3 Bb5 41.Ra3 Rd7 42.Be4 Rd4 43.Kf3 f5
44.Bb7 Rd3+ 45.Rxd3 Bxd3  0-1

[Event "TCh-Belgrade Premier 2012"]
[Site "Belgrade SRB"]
[Date "2012.10.09"]
[Round "8.4"]
[White "Skaric,D"]
[Black "Dobrijevic,M"]
[Result "1-0"]
[WhiteElo "2248"]
[BlackElo "2226"]

1.d4 Nf6 2.c4 g6 3.Nc3 d5 4.cxd5 Nxd5 5.e4 Nxc3 6.bxc3 Bg7 7.Bc4 c5 8.Ne2 O-O
9.O-O Nc6 10.Be3 Qc7 11.Rc1 Na5 12.Bd3 b6 13.d5 e5 14.f4 f6 15.f5 Nb7 16.fxg6 hxg6
17.Qe1 Bd7 18.Qg3 Be8 19.Rf3 Nd6 20.Rcf1 Qd7 21.Qh4 g5 22.Qe1 Bg6 23.Ng3 Qa4
24.Qb1 Rac8 25.R3f2 Rf7 26.Bc2 Qa3 27.Qe1 Rcf8 28.Bc1 Qxa2 29.Bd1 Qc4 30.Be2 Qa4
31.Bg4 Re7 32.Be6+ Rxe6 33.dxe6 Nxe4 34.Nxe4 Qxe4 35.Qxe4 Bxe4 36.Ra2 Ra8
37.Rd1 Bf8 38.Rd7 Re8 39.Raxa7 Rxe6 40.Rd8 b5 41.Be3 Rc6 42.Raa8 b4 43.Rxf8+ Kg7
44.Rfc8 Rb6 45.Bxc5 Bxa8 46.Bxb6 b3 47.Be3  1-0

[Event "TCh-ROU League A 2012"]
[Site "Olanesti ROU"]
[Date "2012.10.09"]
[Round "4.1"]
[White "Georgescu,T"]
[Black "Burnoiu,N1"]
[Result "1/2-1/2"]
[WhiteElo "2391"]
[BlackElo "2406"]

1.d4 Nf6 2.c4 g6 3.Nc3 d5 4.cxd5 Nxd5 5.e4 Nxc3 6.bxc3 Bg7 7.Be3 c5 8.Nf3 O-O
9.Rc1 b6 10.Qd2 Bb7 11.Bd3 Nd7 12.Bh6 e5 13.Bxg7 Kxg7 14.dxe5 Qe7 15.O-O Bc6
16.Qe3 Rad8 17.Nd4 Nxe5 18.Nxc6 Nxc6 19.f4 f6 20.Bb5 Na5 21.e5 Qe6 22.Rcd1 fxe5
23.fxe5 Rxd1 24.Rxd1 Rf7 25.Qe4 Re7 26.Rd5 Nc6 27.Bxc6 Qxc6 28.h4 h5 29.c4 Qe6
30.Kh2 Rf7  1/2-1/2

[Event "12th Winterthurer Schachwoche"]
[Site "Winterthur SUI"]
[Date "2012.10.11"]
[Round "6"]
[White "Arcuti,Davide"]
[Black "Gaehwiler,G"]
[Result "1-0"]
[WhiteElo "2022"]
[BlackElo "2284"]

1.d4 Nf6 2.c4 g6 3.Nc3 d5 4.cxd5 Nxd5 5.e4 Nxc3 6.bxc3 Bg7 7.Be3 c5 8.Bc4 cxd4
9.cxd4 Qa5+ 10.Qd2 Qxd2+ 11.Kxd2 Nc6 12.Ne2 O-O 13.Rhd1 Rd8 14.Ke1 Na5 15.Rac1 e6
16.Bg5 f6 17.Be3 Nxc4 18.Rxc4 Bd7 19.Rdc1 Bc6 20.Nf4 Kf7 21.d5 exd5 22.exd5 Bxd5
23.Rc7+ Kg8 24.Nxd5 Rxd5 25.Rxb7 Rh5 26.Rcc7 Bf8 27.Rxa7 Re8 28.h3 Bc5 29.Rab7 Bxe3
30.fxe3 Rxe3+ 31.Kf2 Re8 32.Ra7 Rb8 33.a4 Rf5+ 34.Kg1 Rg5 35.a5 h5 36.a6 Ra5
37.Rab7 Ra1+ 38.Kh2  1-0

[Event "7th Americas Continental 2012"]
[Site "Mar del Plata ARG"]
[Date "2012.10.12"]
[Round "1.8"]
[White "Vazquez,M"]
[Black "Bacallao Alonso,Y"]
[Result "0-1"]
[WhiteElo "2112"]
[BlackElo "2580"]

1.d4 Nf6 2.c4 g6 3.Nc3 d5 4.cxd5 Nxd5 5.e4 Nxc3 6.bxc3 Bg7 7.Nf3 O-O 8.Be2 c5
9.Rb1 cxd4 10.cxd4 Qa5+ 11.Bd2 Qxa2 12.O-O Bg4 13.Rxb7 Bxf3 14.Bxf3 Bxd4
15.Rb4 Nc6 16.Ra4 Qe6 17.e5 Rad8 18.Ra6 Bb6 19.Bxc6 Qxc6 20.Qe2 Qc2 21.Rd1 Rd5  0-1

[Event "FSFMA1 October 2012"]
[Site "Budapest HUN"]
[Date "2012.10.13"]
[Round "7.3"]
[White "Juracsik,J"]
[Black "Darazs,Z"]
[Result "1/2-1/2"]
[WhiteElo "2164"]
[BlackElo "2124"]

1.d4 Nf6 2.c4 g6 3.Nc3 d5 4.cxd5 Nxd5 5.e4 Nxc3 6.bxc3 Bg7 7.Bc4 c5 8.Ne2 Nc6
9.Be3 O-O 10.O-O Qc7 11.Rc1 Rd8 12.Qd2 Qa5 13.Rfd1 Bd7 14.f4 cxd4 15.cxd4 Qxd2
16.Rxd2 Na5 17.Bd3  1/2-1/2

[Event "2nd Indonesia Open"]
[Site "Jakarta INA"]
[Date "2012.10.13"]
[Round "4.8"]
[White "Xiu Deshun"]
[Black "Chatalbashev,B"]
[Result "1/2-1/2"]
[WhiteElo "2525"]
[BlackElo "2535"]

1.d4 Nf6 2.c4 g6 3.Nc3 d5 4.cxd5 Nxd5 5.e4 Nxc3 6.bxc3 Bg7 7.Nf3 c5 8.Be3 Bg4
9.Rc1 Qa5 10.Qd2 O-O 11.d5 Bxf3 12.gxf3 Nd7 13.h4 h5 14.f4 c4 15.Bxc4 Rac8
16.Qe2 Qa4 17.Bd3 Nc5 18.c4 b5 19.cxb5 Nxe4 20.O-O Nc3 21.Qc2 Qa3 22.Qb3 Qd6
23.Rfe1 Qd7 24.Bf1 Nxd5 25.Bd2 Qd6 26.a4 Nxf4 27.Bb4 Qd5 28.Qxd5 Nxd5 29.Rxc8 Rxc8
30.Bxe7 Bc3 31.Re2 Rc4 32.Bg2 Nxe7 33.Rxe7 Rxh4 34.Bd5 Rf4 35.Kg2 Bd4 36.f3 Bc5
37.Rd7 Kg7 38.Kg3 Rf5 39.Be4 Rf6 40.Bd5 Bb6 41.Kg2 Rf5 42.Kg3 Ba5 43.Kf2 Rf4
44.Kg3 Rf5 45.Kf2 Bb4 46.Kg2 Ba5 47.Be6 Rf6 48.Bc4 Rf4 49.Bd5  1/2-1/2

[Event "2nd Indonesia Open"]
[Site "Jakarta INA"]
[Date "2012.10.13"]
[Round "5.6"]
[White "Dao Thien Hai"]
[Black "Li Chao2"]
[Result "0-1"]
[WhiteElo "2523"]
[BlackElo "2681"]

1.d4 Nf6 2.c4 g6 3.Nc3 d5 4.cxd5 Nxd5 5.e4 Nxc3 6.bxc3 Bg7 7.Be3 c5 8.Qd2 Qa5
9.Rc1 cxd4 10.cxd4 Qxd2+ 11.Bxd2 O-O 12.Nf3 Bg4 13.Be3 Nc6 14.d5 Nb4 15.a3 Na2
16.Rc7 Nc3 17.h3 Bxf3 18.gxf3 b5 19.Bxa7 Be5 20.Rxe7 Rfc8 21.Rb7 Nb1 22.Be3 Rxa3
23.f4 Bc3+ 24.Ke2 Bd2 25.Bxd2 Ra2 26.Rxb5 Nxd2 27.Ke3 Rc1 28.d6 Nxf1+ 29.Rxf1 Rxf1
30.d7 Re1+ 31.Kf3 Ra3+ 32.Kg2 Ra8 33.Rc5 Rf8  0-1

[Event "7th Americas Continental 2012"]
[Site "Mar del Plata ARG"]
[Date "2012.10.13"]
[Round "2.76"]
[White "Besso,Guadalupe"]
[Black "Judewicz,Alejandro"]
[Result "1/2-1/2"]
[WhiteElo "1730"]
[BlackElo "2084"]

1.d4 Nf6 2.c4 g6 3.Nc3 d5 4.cxd5 Nxd5 5.e4 Nxc3 6.bxc3 Bg7 7.Bc4 c5 8.Be3 O-O
9.Ne2 Nc6 10.Rc1 Na5 11.Bd3 c4 12.Bb1 Bg4 13.f3 Bd7 14.h4 e5 15.h5 Bf6 16.hxg6 hxg6
17.Qd2 Re8 18.f4 exf4 19.Bxf4 Bg4 20.Ng3 Bh4 21.Qf2 Qf6 22.O-O g5 23.Be3 Qxf2+
24.Bxf2 Nc6 25.Kh2 Ne7 26.Be3 f5 27.exf5 Nxf5 28.Nxf5 Bxf5 29.Bg1  1/2-1/2

[Event "TATA 50th ch-IND National Premier 2012"]
[Site "Kolkata IND"]
[Date "2012.10.14"]
[Round "13.17"]
[White "Bitan,B"]
[Black "Rajesh,VA"]
[Result "0-1"]
[WhiteElo "2326"]
[BlackElo "2395"]

1.d4 Nf6 2.c4 g6 3.Nc3 d5 4.cxd5 Nxd5 5.e4 Nxc3 6.bxc3 Bg7 7.Nf3 c5 8.Bb5+ Bd7
9.Be2 Qa5 10.Bd2 O-O 11.O-O Nc6 12.d5 Ne5 13.Nxe5 Bxe5 14.Qe1 c4 15.f4 Bg7
16.Kh1 b5 17.a3 Rad8 18.f5 Qc7 19.Bg4 a5 20.Rf3 f6 21.Rf1 g5 22.Bh5 Rb8 23.Qe3 Be8
24.Bxe8 Rfxe8 25.Qf3 Rec8 26.Rfc1 Qd7 27.Qh5 Qd6 28.Be1 Rb7 29.Qe2 Qc5 30.Rcb1 Kh8
31.Bf2 Qd6 32.Bg3 Qc5 33.Qf2 Qxf2 34.Bxf2 g4 35.Be3 h5 36.Ra2 b4 37.axb4 axb4
38.Rxb4 Rxb4 39.cxb4 c3 40.Bc5 Bh6 41.Kg1 Rc7 42.Kf2 Bf4 43.Rc2 Be5 44.g3 Kh7
45.Ke3 h4 46.gxh4 Kh6 47.Kd3 Rb7 48.Rxc3 Kh5 49.Ra3 Bxh2 50.Ke2 Kxh4 51.Kf1 Bd6
52.Bxd6 exd6 53.Rb3 Re7 54.Re3 Kg5 55.Kf2 Kf4 56.b5 Rb7 57.Rb3 Kxe4 58.Kg3 Kxf5
59.Rb4 Ke5 60.Kxg4 Rg7+ 61.Kf3 Kxd5 62.Rf4 Rf7 63.b6 Kc5 64.Ke4 f5+ 65.Kd3 Kxb6
66.Kd4 Kc6 67.Rf3 Rf8 68.Rc3+ Kd7 69.Kd5 Re8 70.Rh3 Re5+ 71.Kd4 Ra5 72.Rh7+ Kc6
73.Rf7 Ra4+ 74.Ke3 f4+ 75.Kf3 Kd5 76.Rf5+ Ke6 77.Rh5 Rd4 78.Rh8 Kd5 79.Rc8 Rc4
80.Rd8 Ke6 81.Rf8 Ra4 82.Re8+ Kd5 83.Rd8 Rb4 84.Rd7 Ke6 85.Rd8 d5 86.Rf8 Ke5
87.Re8+ Kd6 88.Rc8 Rc4 89.Rd8+ Kc5 90.Rd7 Rd4 91.Rc7+ Kb4 92.Rd7 Kc4 93.Rc7+ Kd3
94.Rd7 Kc3 95.Rd8 Rd1 96.Kxf4 d4 97.Kf3 d3 98.Kf2 Ra1 99.Rc8+ Kd2  0-1

[Event "2nd Indonesia Open"]
[Site "Jakarta INA"]
[Date "2012.10.15"]
[Round "6.16"]
[White "Xiu Deshun"]
[Black "Lou Yiping"]
[Result "1/2-1/2"]
[WhiteElo "2525"]
[BlackElo "2444"]

1.d4 Nf6 2.c4 g6 3.Nc3 d5 4.cxd5 Nxd5 5.e4 Nxc3 6.bxc3 Bg7 7.Be3 c5 8.Qd2 Qa5
9.Nf3 Nc6 10.Rb1 a6 11.Rc1 cxd4 12.cxd4 Qxd2+ 13.Kxd2 f5 14.e5 Be6 15.Bc4 Bxc4
16.Rxc4 O-O 17.Ke2 e6 18.g3 h6 19.Ne1 Rfc8 20.Nd3 b5 21.Rc3 Na5 22.Rxc8+ Rxc8
23.Nc5 Rc6 24.a4 bxa4 25.Ra1 Nb3 26.Rxa4 Nxc5 27.Rc4 Kf7 28.f4 Ke8 29.dxc5 Bf8
30.Kd3 Kd7 31.Rc2 Rc7 32.Kc4 Kc6 33.h3 h5 34.Rg2 Rh7 35.Rg1 Rf7 36.Rh1 Rh7
37.Rh2 Rb7 38.Ra2 Ra7 39.Rg2 Rh7 40.Rg1 Rf7 41.Bf2 Rb7 42.Ra1 Ra7 43.g4 fxg4
44.hxg4 h4 45.Rb1 Rb7 46.Ra1 Ra7 47.Rb1 Rb7 48.Rxb7 Kxb7 49.Bxh4 Kc6 50.Bf2 a5
51.Be3 Be7 52.Bd4 Bf8 53.Bf2 Be7 54.Be3 Bf8 55.Bd4 Be7 56.Be3  1/2-1/2

[Event "7th Americas Continental 2012"]
[Site "Mar del Plata ARG"]
[Date "2012.10.15"]
[Round "5.73"]
[White "Perez Velazco,Daniela"]
[Black "Chiari,A"]
[Result "0-1"]
[WhiteElo "1465"]
[BlackElo "2098"]

1.d4 Nf6 2.c4 g6 3.Nc3 d5 4.cxd5 Nxd5 5.e4 Nxc3 6.bxc3 Bg7 7.Nf3 c5 8.Be3 Nc6
9.Bb5 O-O 10.O-O cxd4 11.cxd4 Bg4 12.Bxc6 bxc6 13.Rc1 Rc8 14.d5 cxd5 15.Rxc8 Qxc8
16.exd5 Qa6 17.Bc5 Bf6 18.a3 Rd8 19.h3 Be6 20.Qb3 Bxd5 21.Qe3 Rd7 22.Rb1 Qa4
23.Ne1 a6 24.Rb4 Qc6 25.Rb6 Qc8 26.Rb1 Rb7 27.Rc1 Qf5 28.Bb4 Bg5 29.Qc3 Bxc1
30.Qxc1 Kg7 31.Nc2 Rc7 32.Qb2+ f6 33.Ne3 Qe5 34.Nxd5 Qxd5 35.Qe2 Rc1+ 36.Kh2 Qe5+
37.Qxe5 fxe5 38.Bxe7 Kf7 39.Bb4 Ke6 40.f3 Rc2 41.Kg3 Kd5 42.h4 Kc6 43.Kh3 Kb5
44.g3 a5 45.Bd6 Re2 46.Kg4 e4 47.fxe4 Rxe4+ 48.Kf3 Re6 49.Bf4 Ka4 50.Bd2 Ra6
51.Bc1 Rc6 52.Bd2 Rc5 53.Kg4 Kxa3 54.Bf4 Kb3 55.Bd6 Rd5 56.Bf4 a4 57.Bc1 a3
58.Bxa3 Kxa3  0-1

[Event "7th Americas Continental 2012"]
[Site "Mar del Plata ARG"]
[Date "2012.10.17"]
[Round "8.29"]
[White "Ferro,E"]
[Black "Barbosa,Ev"]
[Result "0-1"]
[WhiteElo "2214"]
[BlackElo "2427"]

1.d4 Nf6 2.c4 g6 3.Nc3 d5 4.cxd5 Nxd5 5.e4 Nxc3 6.bxc3 Bg7 7.Be3 c5 8.Qd2 Qa5
9.Rc1 O-O 10.Nf3 Nd7 11.d5 f5 12.exf5 Rxf5 13.Bd3 Rxf3 14.gxf3 Ne5 15.Be2 Bf5
16.f4 Nf7 17.c4 Qa3 18.O-O Nd6 19.f3 Rc8 20.Rb1 Bxb1 21.Rxb1 Qa4 22.Rc1 a6
23.Kg2 b5 24.cxb5 axb5 25.Rxc5 Rxc5 26.Bxc5  0-1

[Event "Advokatfirmaet Finn GpA"]
[Site "Harstad NOR"]
[Date "2012.10.19"]
[Round "4"]
[White "Sahl,S"]
[Black "Devereaux,M"]
[Result "1/2-1/2"]
[WhiteElo "2234"]
[BlackElo "2385"]

1.d4 Nf6 2.c4 g6 3.Nc3 d5 4.cxd5 Nxd5 5.e4 Nxc3 6.bxc3 Bg7 7.Bc4 c5 8.Ne2 O-O
9.O-O Nc6 10.Be3 Bg4 11.f3 Na5 12.Bd3 cxd4 13.cxd4 Be6 14.d5 Bxa1 15.Qxa1 f6
16.Bh6 Re8 17.Qd4 Bf7 18.Bb5 e5 19.Qf2 Re7 20.f4 exf4 21.Qxf4 Qb6+ 22.Kh1 Bxd5
23.exd5 Qxb5 24.Qxf6 Qe8 25.Qd4 Rf7 26.Rxf7 Qxf7 27.Bd2 Qg7 28.Qxg7+ Kxg7
29.Bxa5 Rc8 30.d6 b6 31.Bb4 Kf7 32.Kg1 a5 33.Bc3 Ke6 34.Kf2 Kxd6 35.Ke3 Rc4
36.a3  1/2-1/2